000 00777cab a2200277 4500
001 WB3020-22
008 090401t1994 xxu||||| |||| 00| 0 eng d
035 _a(Sirsi) u58343
041 _aeng
245 _aRecovery hold-up
260 _c1994
350 _a0
490 _aEstates Gazette
_v(9420) 21 May 1994, 62(1)
520 _aLondon estate agents claim that down-valuations are holding up recovery in the London market.
650 _aBARNARD MARCUS
650 _aCLUTTONS
650 _aDE GROOT COLLIS
650 _aDOWN-VALUATIONS
650 _aFOXTONS
650 _aHALIFAX
650 _aHOUSING MARKET
690 _aPROPERTY-RESIDENTIAL PROPERTY-RESIDENTIAL PROPERTY MARKET
690 _aRATING AND VALUATION
942 _n0
948 _c04/03/1997
999 _c35604
_d35604